Internacionalizácia Business Services v podmienkach Slovenskej republiky so zameraním na poradenské služby v oblasti marketingu a komunikácie

Internacionalizácia prostredníctvom nacionalizácie. Trh služieb marketingu a komunikácie na Slovensku a zapojenie trhu obchodných služieb SR do procesu internacionalizácie. Predpokladaný vývoj v oblasti obchodných služieb na Slovensku. Príspevok z riešenia Projektu VEGA č. 1/7243/20 (58).

Enregistré dans:
Détails bibliographiques
Auteur principal: Soják, Marek
Format: Chapitre de livre
Langue:slovaque
Sujets:
Tags: Ajouter un tag
Pas de tags, Soyez le premier à ajouter un tag!

MARC

LEADER 00000naa$a2200000$$$4500
001 0008471
005 20221128113358.2
041 0 |a slo 
044 |a SK 
245 1 0 |a Internacionalizácia Business Services v podmienkach Slovenskej republiky so zameraním na poradenské služby v oblasti marketingu a komunikácie  |c Marek Soják 
520 |a Internacionalizácia prostredníctvom nacionalizácie. Trh služieb marketingu a komunikácie na Slovensku a zapojenie trhu obchodných služieb SR do procesu internacionalizácie. Predpokladaný vývoj v oblasti obchodných služieb na Slovensku. Príspevok z riešenia Projektu VEGA č. 1/7243/20 (58). 
610 2 0 |a internacionalizácia 
610 2 0 |a Slovensko 
610 2 0 |a služby obchodné 
610 2 0 |a služby poradenské 
610 2 0 |a marketing 
100 1 |a Soják, Marek